The reminders : essential wisdom from the Holy Qur'an (Record no. 43262)

MARC details
000 -LEADER
fixed length control field 00416nam a2200169Ia 4500
020 ## - INTERNATIONAL STANDARD BOOK NUMBER
ISBN 9781597841436
050 ## - CALL MARK
Classification number BP 134 .G6 .K6713/
245 #4 - TITLE STATEMENT
Title The reminders : essential wisdom from the Holy Qur'an
260 ## - PUBLICATION, DISTRIBUTION, ETC. (IMPRINT)
Place of publication New Jersey
260 ## - PUBLICATION, DISTRIBUTION, ETC. (IMPRINT)
Name of publisher Tughra Books
260 ## - PUBLICATION, DISTRIBUTION, ETC. (IMPRINT)
Year of publication 2008
300 ## - PHYSICAL DESCRIPTION
Number of Pages 56 p
650 ## - SUBJECT ADDED ENTRY--TOPICAL TERM
Topical Term New Jersey
942 ## - ADDED ENTRY ELEMENTS (KOHA)
Koha item type Books
Holdings
Withdrawn status Lost status Source of classification or shelving scheme Damaged status Not for loan Permanent Location Current Location Shelving location Date acquired Accession Number Price effective from Koha item type
    Library of Congress Classification     NILE UNIVERSITY OF NIGERIA - MAIN LIBRARY NILE UNIVERSITY OF NIGERIA - MAIN LIBRARY Items on shelf 06/03/2025 0010632 06/03/2025 Books